[Event "DVM U16 2021"]
[Site "Kiel GER"]
[Date "2022.07.25"]
[Round "6"]
[White "Zeuner, Ole"]
[Black "Boissel, Kasimir"]
[Result "1/2-1/2"]
[Termination "normal"]
[Board "4.3"]
[WhiteElo "1796"]
[BlackElo "1781"]
[WhiteClock "00:26:36"]
[BlackClock "00:22:38"]
[WhiteTeam "Schachzwerge Magdeburg"]
[BlackTeam "SV Königsjäger Süd-West e.V."]
[PlyCount "103"]
[WhiteFideId "12943576"]
[BlackFideId "16298209"]
[EventCountry "GER"]
[EventRounds "7"]
[EventType "team-swiss"]
[EventDate "2022.07.22"]

1. e4 {[%clk 01:30:59]} e6 {[%clk 01:30:56]} {[%emt 00:00:04]} 2. d4 {[%clk
01:31:25]} {[%emt 00:00:03]} d5 {[%clk 01:31:22]} {[%emt 00:00:04]} 3. Nd2
{[%clk 01:31:52]} {[%emt 00:00:03]} c5 {[%clk 01:31:41]} {[%emt 00:00:10]} 4.
exd5 {[%clk 01:32:13]} {[%emt 00:00:09]} Qxd5 {[%clk 01:31:42]} {[%emt
00:00:29]} 5. Ngf3 {[%clk 01:32:34]} {[%emt 00:00:10]} Nf6 {[%clk 01:31:06]}
{[%emt 00:01:05]} 6. Bc4 {[%clk 01:32:25]} {[%emt 00:00:39]} Qd8 {[%clk
01:30:04]} {[%emt 00:01:33]} 7. O-O {[%clk 01:32:34]} {[%emt 00:00:21]} Nc6
{[%clk 01:30:05]} {[%emt 00:00:29]} 8. Nb3 {[%clk 01:31:53]} {[%emt 00:01:10]}
cxd4 {[%clk 01:29:24]} {[%emt 00:01:12]} 9. Nbxd4 {[%clk 01:30:50]} {[%emt
00:01:33]} Bc5 {[%clk 01:28:00]} {[%emt 00:01:52]} 10. Be3 {[%clk 01:29:02]}
{[%emt 00:02:20]} Nxd4 {[%clk 01:26:39]} {[%emt 00:01:51]} 11. Nxd4 {[%clk
01:27:18]} {[%emt 00:02:14]} Qe7 {[%clk 01:24:59]} {[%emt 00:02:09]} 12. Qf3
{[%clk 01:24:45]} {[%emt 00:03:02]} O-O {[%clk 01:23:48]} {[%emt 00:01:42]} 13.
h3 {[%clk 01:23:28]} {[%emt 00:01:48]} a6 {[%clk 01:15:34]} {[%emt 00:08:43]}
14. Rad1 {[%clk 01:20:41]} {[%emt 00:03:17]} e5 {[%clk 01:09:22]} {[%emt
00:06:42]} 15. Nb3 {[%clk 01:18:03]} {[%emt 00:03:08]} Bxe3 {[%clk 01:03:50]}
{[%emt 00:06:02]} 16. Qxe3 {[%clk 01:16:58]} {[%emt 00:01:35]} Bf5 {[%clk
01:03:25]} {[%emt 00:00:53]} 17. c3 {[%clk 01:13:55]} {[%emt 00:03:34]} Rfd8
{[%clk 01:01:34]} {[%emt 00:02:20]} 18. Rfe1 {[%clk 01:07:09]} {[%emt
00:07:18]} Rxd1 {[%clk 00:54:21]} {[%emt 00:07:43]} 19. Rxd1 {[%clk 01:07:18]}
{[%emt 00:00:20]} b5 {[%clk 00:47:33]} {[%emt 00:07:16]} 20. Be2 {[%clk
01:02:58]} {[%emt 00:04:52]} h6 {[%clk 00:38:48]} {[%emt 00:09:16]} 21. Bf3
{[%clk 00:59:04]} {[%emt 00:04:25]} e4 {[%clk 00:26:34]} {[%emt 00:12:44]} 22.
Nd4 {[%clk 00:58:01]} {[%emt 00:01:33]} Bg6 {[%clk 00:26:17]} {[%emt 00:00:46]}
23. Re1 {[%clk 00:55:20]} {[%emt 00:03:11]} Qc5 {[%clk 00:25:24]} {[%emt
00:01:22]} 24. Bd1 {[%clk 00:55:25]} {[%emt 00:00:26]} b4 {[%clk 00:24:15]}
{[%emt 00:01:39]} 25. cxb4 {[%clk 00:50:54]} {[%emt 00:05:03]} Qxb4 {[%clk
00:24:34]} {[%emt 00:00:10]} 26. Bb3 {[%clk 00:51:03]} {[%emt 00:00:20]} a5
{[%clk 00:22:19]} {[%emt 00:02:43]} 27. a3 {[%clk 00:39:51]} {[%emt 00:11:44]}
Qb7 {[%clk 00:21:25]} {[%emt 00:01:24]} 28. Qc3 {[%clk 00:27:14]} {[%emt
00:13:08]} Qb6 {[%clk 00:20:05]} {[%emt 00:01:47]} 29. Nc6 {[%clk 00:20:56]}
{[%emt 00:06:51]} Kh7 {[%clk 00:14:38]} {[%emt 00:05:58]} 30. Ne5 {[%clk
00:20:23]} {[%emt 00:01:02]} Rb8 {[%clk 00:13:49]} {[%emt 00:01:18]} 31. Bxf7
{[%clk 00:18:51]} {[%emt 00:02:03]} Bxf7 {[%clk 00:14:12]} {[%emt 00:00:08]}
32. Nxf7 {[%clk 00:19:09]} {[%emt 00:00:12]} Qxb2 {[%clk 00:14:07]} {[%emt
00:00:35]} 33. Qxa5 {[%clk 00:18:08]} {[%emt 00:01:30]} Rb5 {[%clk 00:13:00]}
{[%emt 00:01:37]} 34. Qa4 {[%clk 00:05:03]} {[%emt 00:13:35]} Rb3 {[%clk
00:12:58]} {[%emt 00:00:30]} 35. Nd6 {[%clk 00:01:42]} {[%emt 00:03:53]} Rxa3
{[%clk 00:12:44]} {[%emt 00:00:44]} 36. Qb5 {[%clk 00:01:29]} {[%emt 00:00:43]}
Qxb5 {[%clk 00:09:23]} {[%emt 00:03:51]} 37. Nxb5 {[%clk 00:01:52]} {[%emt
00:00:07]} Ra4 {[%clk 00:07:42]} {[%emt 00:02:10]} 38. Nd6 {[%clk 00:01:43]}
{[%emt 00:00:39]} Rd4 {[%clk 00:07:43]} {[%emt 00:00:27]} 39. Nf5 {[%clk
00:01:58]} {[%emt 00:00:17]} Rd5 {[%clk 00:07:20]} {[%emt 00:00:51]} 40. Ne3
{[%clk 00:01:59]} {[%emt 00:00:31]} Rd2 {[%clk 00:04:35]} {[%emt 00:03:13]} 41.
Rb1 {[%clk 00:01:58]} {[%emt 00:00:34]} Rd7 {[%clk 00:02:26]} {[%emt 00:02:35]}
42. Kf1 {[%clk 00:02:23]} {[%emt 00:00:10]} Ra7 {[%clk 00:02:13]} {[%emt
00:00:42]} 43. Rb2 {[%clk 00:02:33]} {[%emt 00:00:19]} Rc7 {[%clk 00:01:34]}
{[%emt 00:01:08]} 44. Ke2 {[%clk 00:02:17]} {[%emt 00:00:47]} Kg6 {[%clk
00:01:43]} 45. Rd2 {[%clk 00:01:54]} {[%emt 00:01:13]} Rc5 {[%clk 00:00:51]}
46. Rd4 {[%clk 00:01:26]} {[%emt 00:02:20]} Ra5 {[%clk 00:28:40]} 47. Nc4
{[%clk 00:30:51]} {[%emt 00:03:47]} Ra2+ {[%clk 00:28:12]} 48. Ke3 {[%clk
00:30:33]} {[%emt 00:01:43]} h5 {[%clk 00:25:50]} 49. Nd2 {[%clk 00:26:44]}
{[%emt 00:07:13]} Ra3+ {[%clk 00:25:59]} 50. Ke2 {[%clk 00:27:08]} {[%emt
00:00:27]} Ra2 {[%clk 00:26:02]} 51. Rc4 {[%clk 00:26:36]} {[%emt 00:01:24]}
Rb2 {[%clk 00:22:38]} 52. Rc5 {[%clk 00:26:36]} 1/2-1/2

[Event "DVM U16 2021"]
[Site "Kiel GER"]
[Date "2022.07.25"]
[Round "6"]
[White "Korek, Jakob Alexander"]
[Black "Pohle, Saskia"]
[Result "1-0"]
[Termination "normal"]
[Board "4.4"]
[WhiteElo "1611"]
[BlackElo "1845"]
[WhiteClock "00:19:37"]
[BlackClock "00:00:48"]
[WhiteTeam "SV Königsjäger Süd-West e.V."]
[BlackTeam "Schachzwerge Magdeburg"]
[PlyCount "75"]
[WhiteFideId "16240022"]
[BlackFideId "16201604"]
[EventCountry "GER"]
[EventRounds "7"]
[EventType "team-swiss"]
[EventDate "2022.07.22"]

1. d4 {[%clk 01:30:59]} Nf6 {[%clk 01:30:55]} {[%emt 00:00:05]} 2. c4 {[%clk
01:31:17]} {[%emt 00:00:12]} e6 {[%clk 01:31:22]} {[%emt 00:00:04]} 3. g3
{[%clk 01:31:40]} {[%emt 00:00:07]} Bb4+ {[%clk 01:31:47]} {[%emt 00:00:05]} 4.
Bd2 {[%clk 01:31:48]} {[%emt 00:00:22]} Be7 {[%clk 01:32:11]} {[%emt 00:00:07]}
5. Nf3 {[%clk 01:32:03]} {[%emt 00:00:15]} d5 {[%clk 01:32:09]} {[%emt
00:00:33]} 6. Qc2 {[%clk 01:31:56]} {[%emt 00:00:37]} O-O {[%clk 01:31:59]}
{[%emt 00:00:40]} 7. Bg2 {[%clk 01:32:09]} {[%emt 00:00:17]} Nbd7 {[%clk
01:32:09]} {[%emt 00:00:21]} 8. O-O {[%clk 01:31:57]} {[%emt 00:00:41]} Ne4
{[%clk 01:30:51]} {[%emt 00:01:49]} 9. Bf4 {[%clk 01:31:29]} {[%emt 00:00:58]}
c6 {[%clk 01:30:24]} {[%emt 00:00:57]} 10. Rd1 {[%clk 01:29:57]} {[%emt
00:02:02]} g5 {[%clk 01:24:46]} {[%emt 00:06:09]} 11. Bc1 {[%clk 01:29:02]}
{[%emt 00:01:24]} f5 {[%clk 01:23:45]} {[%emt 00:01:30]} 12. Nfd2 {[%clk
01:28:34]} {[%emt 00:00:58]} Qe8 {[%clk 01:18:00]} {[%emt 00:06:16]} 13. f3
{[%clk 01:28:05]} {[%emt 00:00:58]} Nd6 {[%clk 01:17:04]} {[%emt 00:01:26]} 14.
e4 {[%clk 01:27:00]} {[%emt 00:01:34]} Qh5 {[%clk 01:09:10]} {[%emt 00:08:24]}
15. cxd5 {[%clk 01:26:12]} {[%emt 00:01:19]} cxd5 {[%clk 01:09:04]} {[%emt
00:00:35]} 16. exd5 {[%clk 01:23:11]} {[%emt 00:03:31]} exd5 {[%clk 01:09:11]}
{[%emt 00:00:23]} 17. Nc3 {[%clk 01:22:07]} {[%emt 00:01:34]} Nb6 {[%clk
01:07:53]} {[%emt 00:01:49]} 18. Nf1 {[%clk 01:17:54]} {[%emt 00:04:42]} Bd7
{[%clk 01:03:15]} {[%emt 00:05:08]} 19. Ne3 {[%clk 01:14:49]} {[%emt 00:03:35]}
Rac8 {[%clk 01:00:24]} {[%emt 00:03:22]} 20. Qe2 {[%clk 01:12:39]} {[%emt
00:02:39]} Bc6 {[%clk 00:43:01]} {[%emt 00:17:53]} 21. Nexd5 {[%clk 01:09:23]}
{[%emt 00:03:46]} Nxd5 {[%clk 00:40:17]} {[%emt 00:03:14]} 22. Nxd5 {[%clk
01:08:54]} {[%emt 00:00:59]} Bxd5 {[%clk 00:40:00]} {[%emt 00:00:47]} 23. Qxe7
{[%clk 01:08:24]} {[%emt 00:01:00]} Nf7 {[%clk 00:39:05]} {[%emt 00:01:26]} 24.
Qe3 {[%clk 01:05:02]} {[%emt 00:03:52]} Rfe8 {[%clk 00:36:21]} {[%emt
00:03:14]} 25. Qd3 {[%clk 01:04:00]} {[%emt 00:01:32]} Nd6 {[%clk 00:35:23]}
{[%emt 00:01:27]} 26. b3 {[%clk 01:00:14]} {[%emt 00:04:17]} Re6 {[%clk
00:32:48]} {[%emt 00:03:04]} 27. Bxg5 {[%clk 00:56:25]} {[%emt 00:04:19]} Rce8
{[%clk 00:28:04]} {[%emt 00:05:14]} 28. Bd2 {[%clk 00:55:33]} {[%emt 00:01:22]}
Bc6 {[%clk 00:17:15]} {[%emt 00:11:21]} 29. a4 {[%clk 00:53:20]} {[%emt
00:02:43]} Bd5 {[%clk 00:12:56]} {[%emt 00:04:49]} 30. Re1 {[%clk 00:52:20]}
{[%emt 00:01:29]} Qf7 {[%clk 00:11:16]} {[%emt 00:02:09]} 31. Rxe6 {[%clk
00:46:46]} {[%emt 00:06:05]} Bxe6 {[%clk 00:11:01]} {[%emt 00:00:45]} 32. Bf4
{[%clk 00:44:49]} {[%emt 00:02:26]} Rd8 {[%clk 00:08:50]} {[%emt 00:02:42]} 33.
Bxd6 {[%clk 00:39:46]} {[%emt 00:05:32]} Rxd6 {[%clk 00:09:10]} {[%emt
00:00:10]} 34. Bh3 {[%clk 00:37:32]} {[%emt 00:02:43]} Rb6 {[%clk 00:04:24]}
{[%emt 00:05:17]} 35. Rb1 {[%clk 00:28:31]} {[%emt 00:09:28]} Rb4 {[%clk
00:03:03]} {[%emt 00:01:54]} 36. d5 {[%clk 00:24:35]} {[%emt 00:04:25]} Bxd5
{[%clk 00:02:52]} {[%emt 00:00:42]} 37. Bxf5 {[%clk 00:23:56]} {[%emt
00:01:09]} Bc6 {[%clk 00:00:48]} {[%emt 00:02:34]} 38. Re1 {[%clk 00:19:37]}
{[%emt 00:04:48]} 1-0

[Event "DVM U16 2021"]
[Site "Kiel GER"]
[Date "2022.07.25"]
[Round "6"]
[White "Danninger, Jannik"]
[Black "Hecht, Jonas Christian"]
[Result "0-1"]
[Termination "normal"]
[Board "5.1"]
[WhiteElo "1840"]
[BlackElo "1889"]
[WhiteClock "00:20:08"]
[BlackClock "00:22:45"]
[WhiteTeam "TV Tegernsee"]
[BlackTeam "SC Brombach e.V."]
[PlyCount "72"]
[WhiteFideId "16226402"]
[BlackFideId "16214846"]
[EventCountry "GER"]
[EventRounds "7"]
[EventType "team-swiss"]
[EventDate "2022.07.22"]

1. e4 {[%clk 01:30:57]} {[%emt 00:00:01]} c5 {[%clk 01:30:58]} {[%emt
00:00:03]} 2. Nf3 {[%clk 01:31:22]} {[%emt 00:00:05]} e6 {[%clk 01:31:26]}
{[%emt 00:00:03]} 3. d4 {[%clk 01:31:32]} {[%emt 00:00:19]} cxd4 {[%clk
01:31:52]} {[%emt 00:00:04]} 4. Nxd4 {[%clk 01:31:56]} {[%emt 00:00:05]} Nc6
{[%clk 01:32:18]} {[%emt 00:00:05]} 5. Nc3 {[%clk 01:31:00]} {[%emt 00:01:26]}
Qc7 {[%clk 01:31:48]} {[%emt 00:01:01]} 6. Be3 {[%clk 01:30:53]} {[%emt
00:00:36]} a6 {[%clk 01:32:13]} {[%emt 00:00:05]} 7. Be2 {[%clk 01:31:08]}
{[%emt 00:00:15]} b5 {[%clk 01:32:40]} {[%emt 00:00:04]} 8. f4 {[%clk
01:30:44]} {[%emt 00:00:54]} Bb7 {[%clk 01:32:39]} {[%emt 00:00:30]} 9. Bf3
{[%clk 01:31:07]} {[%emt 00:00:06]} d6 {[%clk 01:21:08]} {[%emt 00:12:02]} 10.
O-O {[%clk 01:29:05]} {[%emt 00:02:32]} Nf6 {[%clk 01:20:43]} {[%emt 00:00:55]}
11. g4 {[%clk 01:26:00]} {[%emt 00:03:34]} Be7 {[%clk 01:14:33]} {[%emt
00:06:41]} 12. Kh1 {[%clk 01:22:27]} {[%emt 00:04:03]} Nxd4 {[%clk 01:12:52]}
{[%emt 00:02:11]} 13. Qxd4 {[%clk 01:21:20]} {[%emt 00:01:37]} e5 {[%clk
01:13:16]} {[%emt 00:00:07]} 14. Qd3 {[%clk 01:20:58]} {[%emt 00:00:51]} exf4
{[%clk 01:12:55]} {[%emt 00:00:51]} 15. Bxf4 {[%clk 01:21:16]} {[%emt
00:00:12]} Nd7 {[%clk 01:13:03]} {[%emt 00:00:22]} 16. Nd5 {[%clk 01:19:22]}
{[%emt 00:02:24]} Bxd5 {[%clk 01:13:28]} {[%emt 00:00:06]} 17. Qxd5 {[%clk
01:18:29]} {[%emt 00:01:22]} O-O {[%clk 01:11:38]} {[%emt 00:02:19]} 18. c3
{[%clk 01:18:20]} {[%emt 00:00:40]} Ne5 {[%clk 01:11:23]} {[%emt 00:00:45]} 19.
Rad1 {[%clk 01:17:09]} {[%emt 00:01:40]} Rad8 {[%clk 01:09:35]} {[%emt
00:02:18]} 20. h3 {[%clk 01:13:40]} {[%emt 00:03:59]} Bf6 {[%clk 01:04:00]}
{[%emt 00:06:06]} 21. Be2 {[%clk 01:09:50]} {[%emt 00:04:20]} Qe7 {[%clk
00:42:22]} {[%emt 00:22:08]} 22. a4 {[%clk 01:03:13]} {[%emt 00:07:06]} bxa4
{[%clk 00:42:16]} {[%emt 00:00:36]} 23. Bxa6 {[%clk 01:02:27]} {[%emt
00:01:16]} Qa7 {[%clk 00:36:29]} {[%emt 00:06:18]} 24. Bb5 {[%clk 01:00:42]}
{[%emt 00:02:15]} Qb6 {[%clk 00:27:45]} {[%emt 00:09:14]} 25. g5 {[%clk
00:46:50]} {[%emt 00:14:21]} Be7 {[%clk 00:27:32]} {[%emt 00:00:43]} 26. Bxa4
{[%clk 00:45:22]} {[%emt 00:01:58]} Qxb2 {[%clk 00:25:33]} {[%emt 00:02:30]}
27. Bxe5 {[%clk 00:43:54]} {[%emt 00:01:57]} dxe5 {[%clk 00:25:27]} {[%emt
00:00:36]} 28. Qxe5 {[%clk 00:43:40]} {[%emt 00:00:45]} Rxd1 {[%clk 00:25:00]}
{[%emt 00:00:57]} 29. Rxd1 {[%clk 00:42:57]} {[%emt 00:01:13]} Bb4 {[%clk
00:24:23]} {[%emt 00:01:07]} 30. Rf1 {[%clk 00:34:58]} {[%emt 00:08:29]} Bxc3
{[%clk 00:22:51]} {[%emt 00:02:02]} 31. Qf5 {[%clk 00:32:12]} {[%emt 00:03:15]}
Be5 {[%clk 00:21:32]} {[%emt 00:01:49]} 32. Qf2 {[%clk 00:27:49]} {[%emt
00:04:53]} Qa3 {[%clk 00:21:39]} {[%emt 00:00:23]} 33. Bd7 {[%clk 00:28:07]}
{[%emt 00:00:12]} Qd3 {[%clk 00:21:55]} {[%emt 00:00:14]} 34. Bf5 {[%clk
00:20:04]} {[%emt 00:08:33]} g6 {[%clk 00:22:09]} {[%emt 00:00:17]} 35. Be6
{[%clk 00:19:45]} {[%emt 00:00:49]} Qxe4+ {[%clk 00:22:21]} {[%emt 00:00:18]}
36. Kg1 {[%clk 00:20:08]} {[%emt 00:00:06]} Bd4 {[%clk 00:22:45]} {[%emt
00:00:07]} 0-1

[Event "DVM U16 2021"]
[Site "Kiel GER"]
[Date "2022.07.25"]
[Round "6"]
[White "Wehrle, Maximilian"]
[Black "Andrade, Ruben"]
[Result "1-0"]
[Termination "normal"]
[Board "5.2"]
[WhiteElo "1739"]
[BlackElo "1614"]
[WhiteClock "00:38:25"]
[BlackClock "00:41:05"]
[WhiteTeam "SC Brombach e.V."]
[BlackTeam "TV Tegernsee"]
[PlyCount "41"]
[WhiteFideId "65600347"]
[BlackFideId "16246829"]
[EventCountry "GER"]
[EventRounds "7"]
[EventType "team-swiss"]
[EventDate "2022.07.22"]

1. d4 {[%clk 01:30:55]} {[%emt 00:00:04]} d5 {[%clk 01:30:50]} {[%emt
00:00:10]} 2. c4 {[%clk 01:31:14]} {[%emt 00:00:10]} e6 {[%clk 01:31:14]}
{[%emt 00:00:06]} 3. Nf3 {[%clk 01:30:33]} {[%emt 00:01:13]} Nf6 {[%clk
01:31:33]} {[%emt 00:00:10]} 4. g3 {[%clk 01:30:24]} {[%emt 00:00:39]} Be7
{[%clk 01:31:52]} {[%emt 00:00:11]} 5. Bg2 {[%clk 01:29:27]} {[%emt 00:01:27]}
O-O {[%clk 01:32:13]} {[%emt 00:00:08]} 6. O-O {[%clk 01:28:58]} {[%emt
00:01:00]} Nbd7 {[%clk 01:32:21]} {[%emt 00:00:22]} 7. Nfd2 {[%clk 01:29:06]}
{[%emt 00:00:22]} c6 {[%clk 01:29:09]} {[%emt 00:03:42]} 8. Nc3 {[%clk
01:25:53]} {[%emt 00:03:43]} b6 {[%clk 01:28:51]} {[%emt 00:00:48]} 9. e4
{[%clk 01:22:50]} {[%emt 00:03:33]} dxc4 {[%clk 01:22:45]} {[%emt 00:06:36]}
10. Nxc4 {[%clk 01:15:18]} {[%emt 00:08:02]} Bb7 {[%clk 01:19:21]} {[%emt
00:03:53]} 11. e5 {[%clk 01:02:40]} {[%emt 00:13:09]} Nd5 {[%clk 01:17:18]}
{[%emt 00:02:32]} 12. Ne4 {[%clk 00:56:22]} {[%emt 00:06:49]} Ba6 {[%clk
01:15:15]} {[%emt 00:02:32]} 13. b3 {[%clk 00:55:54]} {[%emt 00:00:58]} c5
{[%clk 01:10:25]} {[%emt 00:05:21]} 14. Qg4 {[%clk 00:53:58]} {[%emt 00:02:26]}
Kh8 {[%clk 01:05:21]} {[%emt 00:05:34]} 15. Ng5 {[%clk 00:44:15]} {[%emt
00:10:13]} h6 {[%clk 00:55:23]} {[%emt 00:10:27]} 16. Nxf7+ {[%clk 00:42:21]}
{[%emt 00:02:25]} Rxf7 {[%clk 00:55:18]} {[%emt 00:00:35]} 17. Qxe6 {[%clk
00:42:43]} {[%emt 00:00:07]} Rf8 {[%clk 00:42:19]} {[%emt 00:13:29]} 18. Bxd5
{[%clk 00:42:31]} {[%emt 00:00:43]} Rc8 {[%clk 00:42:04]} {[%emt 00:00:45]} 19.
Bxh6 {[%clk 00:39:50]} {[%emt 00:03:12]} Bxc4 {[%clk 00:41:51]} {[%emt
00:00:42]} 20. Bxc4 {[%clk 00:38:43]} {[%emt 00:01:37]} cxd4 {[%clk 00:41:05]}
{[%emt 00:01:16]} 21. Qg6 {[%clk 00:38:25]} {[%emt 00:00:47]} 1-0

[Event "DVM U16 2021"]
[Site "Kiel GER"]
[Date "2022.07.25"]
[Round "6"]
[White "Franzky, Julian"]
[Black "Weiß, David"]
[Result "0-1"]
[Termination "normal"]
[Board "5.3"]
[WhiteElo "1382"]
[BlackElo "1759"]
[WhiteClock "01:11:18"]
[BlackClock "01:11:05"]
[WhiteTeam "TV Tegernsee"]
[BlackTeam "SC Brombach e.V."]
[PlyCount "48"]
[WhiteFideId "16291603"]
[BlackFideId "34628428"]
[EventCountry "GER"]
[EventRounds "7"]
[EventType "team-swiss"]
[EventDate "2022.07.22"]

1. e4 {[%clk 01:31:00]} c5 {[%clk 01:30:49]} {[%emt 00:00:10]} 2. Nf3 {[%clk
01:31:27]} {[%emt 00:00:03]} Nc6 {[%clk 01:31:13]} {[%emt 00:00:06]} 3. c3
{[%clk 01:31:54]} {[%emt 00:00:04]} e5 {[%clk 01:31:40]} {[%emt 00:00:03]} 4.
d4 {[%clk 01:31:29]} {[%emt 00:00:55]} cxd4 {[%clk 01:32:03]} {[%emt 00:00:07]}
5. cxd4 {[%clk 01:31:49]} {[%emt 00:00:10]} exd4 {[%clk 01:32:26]} {[%emt
00:00:06]} 6. Nxd4 {[%clk 01:32:10]} {[%emt 00:00:09]} Nf6 {[%clk 01:32:51]}
{[%emt 00:00:05]} 7. f3 {[%clk 01:31:36]} {[%emt 00:01:05]} Bc5 {[%clk
01:27:30]} {[%emt 00:05:50]} 8. Nb3 {[%clk 01:30:44]} {[%emt 00:01:23]} Bb6
{[%clk 01:25:18]} {[%emt 00:02:42]} 9. Nc3 {[%clk 01:29:56]} {[%emt 00:01:17]}
O-O {[%clk 01:24:42]} {[%emt 00:01:06]} 10. Bd3 {[%clk 01:27:24]} {[%emt
00:03:03]} d5 {[%clk 01:22:18]} {[%emt 00:02:53]} 11. Qe2 {[%clk 01:23:05]}
{[%emt 00:04:49]} dxe4 {[%clk 01:21:04]} {[%emt 00:01:44]} 12. Nxe4 {[%clk
01:19:48]} {[%emt 00:03:48]} Nxe4 {[%clk 01:19:40]} {[%emt 00:01:53]} 13. Bxe4
{[%clk 01:19:42]} {[%emt 00:00:37]} Re8 {[%clk 01:18:24]} {[%emt 00:01:45]} 14.
Kf1 {[%clk 01:16:19]} {[%emt 00:03:54]} f5 {[%clk 01:18:06]} {[%emt 00:00:47]}
15. Bd5+ {[%clk 01:15:00]} {[%emt 00:01:48]} Kh8 {[%clk 01:18:25]} {[%emt
00:00:12]} 16. Qd2 {[%clk 01:12:10]} {[%emt 00:03:21]} Be3 {[%clk 01:14:20]}
{[%emt 00:04:33]} 17. Bxc6 {[%clk 01:10:11]} {[%emt 00:02:30]} Bxd2 {[%clk
01:14:38]} {[%emt 00:00:13]} 18. Bxe8 {[%clk 01:10:36]} {[%emt 00:00:04]} Qd3+
{[%clk 01:12:35]} {[%emt 00:02:32]} 19. Kf2 {[%clk 01:10:13]} {[%emt 00:00:55]}
Qe3+ {[%clk 01:12:56]} {[%emt 00:00:08]} 20. Kg3 {[%clk 01:10:33]} {[%emt
00:00:10]} f4+ {[%clk 01:10:47]} {[%emt 00:02:39]} 21. Kh4 {[%clk 01:10:55]}
{[%emt 00:00:08]} Qe7+ {[%clk 01:10:53]} {[%emt 00:00:24]} 22. Kh5 {[%clk
01:11:18]} {[%emt 00:00:08]} Qxe8+ {[%clk 01:10:54]} {[%emt 00:00:28]} 23. Kg5
{[%clk 01:11:01]} {[%emt 00:00:45]} Qg6+ {[%clk 01:11:05]} {[%emt 00:00:21]}
24. Kh4 {[%clk 01:11:18]} {[%emt 00:00:13]} Qh6# {[%emt 00:00:11]} 0-1